| 000 | 00458nam a22001817a 4500 | ||
|---|---|---|---|
| 008 | 111025t xxu||||| |||| 00| 0 eng d | ||
| 080 | _a(047)330.34(679) | ||
| 100 |
_aPNUD _9637 |
||
| 245 |
_aMocambique _brelatorio nacional de desenvolvimento humano 1998 _cPNUD |
||
| 250 | _as ed. | ||
| 260 |
_aMaputo _bPNUD _c1998 |
||
| 300 |
_a92p. _b _e |
||
| 300 |
_b _e |
||
| 650 |
_aeconomia _9247 |
||
| 942 |
_2udc _cBK |
||
| 300 |
_c _f _g |
||
| 300 |
_c _f _g |
||
| 999 |
_c26732 _d26732 |
||